Prefectures and Capitals of the Central African Republic - Statistics

General Stats
  • This quiz has been taken 11 times
  • The average score is 14 of 40
Answer Stats
Answer % Correct
Bangui
100%
Bangui (Prefecture)
100%
Haute-Kotto
100%
Bangassou
50%
Basse-Kotto
50%
Birao
50%
Haut-Mbomou
50%
Kémo
50%
Lim-Pendé
50%
Lobaye
50%
Mambéré
50%
Mbomou
50%
Nana-Grébizi
50%
Nana-Mambéré
50%
Nola
50%
Ombella M‘Poko
50%
Ouaka
50%
Ouham
50%
Ouham-Fafa
50%
Ouham-Pendé
50%
Paoua
50%
Sangha-Mbaéré
50%
Sibut
50%
Vakaga
50%
Bambari
0%
Bamingui-Bangoran
0%
Batangafo
0%
Berbérati
0%
Boali
0%
Bossangoa
0%
Bouar
0%
Bozoum
0%
Bria
0%
Carnot
0%
Kaga Bandoro
0%
Mambéré-Kadéï
0%
Mbaïki
0%
Mobaye
0%
Ndélé
0%
Obo
0%
No matching quizzes found
Score Distribution
Percent of People with Each Score
Percentile by Number Answered
Your Score History
You have not taken this quiz